[Event "4NCL/Div2/KHE vs. PYO"]
[Site "West Bromwich ENG"]
[Date "2005.05.01"]
[Round "10.1"]
[White "McMichael, Richard"]
[Black "Rendle, Thomas E"]
[Result "1-0"]
[WhiteElo "2272"]
[BlackElo "2396"]
[PlyCount "93"]
[EventDate "2005.05.01"]
[SourceDate "2004.09.21"]

1. d4 f5 2. g3 Nf6 3. Bg2 g6 4. c4 Bg7 5. Nc3 d6 6. e3 O-O 7. Nge2 e5 8. b3 Nc6
9. Bxc6 bxc6 10. dxe5 Ne4 11. f4 Nxc3 12. Nxc3 dxe5 13. Qxd8 Rxd8 14. Bd2 Be6
15. O-O-O exf4 16. exf4 Bf7 17. Na4 Re8 18. Rhe1 Bd4 19. Bb4 Rxe1 20. Rxe1 a5
21. Bc5 Bf6 22. Rd1 Rc8 23. Kc2 g5 24. Bd4 Bxd4 25. Rxd4 gxf4 26. gxf4 Re8 27.
Nc5 Re3 28. Rd3 Re2+ 29. Rd2 Re3 30. Nd3 Re4 31. Ne5 Be8 32. Nd3 h5 33. Rg2+
Kf8 34. Kd2 h4 35. Rg5 Bd7 36. Rh5 a4 37. Nc5 axb3 38. axb3 Rxf4 39. Nxd7+ Ke7
40. Ne5 Rf2+ 41. Ke3 Rxh2 42. Rxh4 Rb2 43. b4 Kf6 44. Kf4 Rf2+ 45. Nf3 Rb2 46.
Rh6+ Ke7 47. Nd4 1-0

[Event "4NCL/Div2/KHE vs. PYO"]
[Site "West Bromwich ENG"]
[Date "2005.05.01"]
[Round "10.2"]
[White "Martyn, Rafe"]
[Black "Thomas, Richard H"]
[Result "1-0"]
[WhiteElo "2302"]
[BlackElo "2232"]
[PlyCount "103"]
[EventDate "2005.05.01"]
[SourceDate "2004.09.21"]

1. d4 g6 2. c4 Bg7 3. Nf3 d6 4. Nc3 Bg4 5. e3 Nc6 6. h3 Bxf3 7. Qxf3 e5 8. d5
Nce7 9. g4 f5 10. gxf5 Nxf5 11. h4 Ngh6 12. Qe4 O-O 13. Bd2 Bf6 14. h5 Bh4 15.
O-O-O g5 16. Qg2 Kh8 17. e4 Nd4 18. Rxh4 gxh4 19. Bxh6 Rg8 20. Qh3 Qf6 21. Be3
c5 22. Be2 a6 23. Bg4 b5 24. Rh1 bxc4 25. Qxh4 Qxh4 26. Rxh4 Ra7 27. h6 Rb7 28.
f4 Rgb8 29. Rh2 Rg8 30. Rg2 Rf7 31. f5 Nb5 32. Bd2 Rf6 33. Nd1 c3 34. Nxc3 Nxc3
35. bxc3 Rf7 36. Bf3 Rxg2 37. Bxg2 Kg8 38. Bf3 Rb7 39. Kc2 Kf7 40. Bh5+ Kf6 41.
Be2 Ra7 42. Bd3 Ra8 43. Bc1 a5 44. a4 Rg8 45. Bd2 Rg2 46. c4 Rh2 47. Kd1 Rh1+
48. Ke2 Ra1 49. Bc2 Ra2 50. Kd1 Ra1+ 51. Bc1 Ra2 52. Kd2 1-0

[Event "4NCL/Div2/KHE vs. PYO"]
[Site "West Bromwich ENG"]
[Date "2005.05.01"]
[Round "10.3"]
[White "Kwiatkowski, Feliks J"]
[Black "Bigg, Andrew J"]
[Result "1/2-1/2"]
[WhiteElo "2229"]
[BlackElo "2263"]
[PlyCount "63"]
[EventDate "2005.05.01"]
[SourceDate "2004.09.21"]

1. e4 e6 2. d4 d5 3. Nd2 c5 4. Ngf3 Nc6 5. exd5 exd5 6. Bb5 Bd6 7. dxc5 Bxc5 8.
Nb3 Bd6 9. O-O Nge7 10. Re1 O-O 11. Bd3 h6 12. h3 Bc7 13. Nbd4 Nxd4 14. Nxd4
Qd6 15. g3 Qf6 16. Bf1 Nf5 17. Be3 Nxe3 18. Rxe3 Bb6 19. c3 Be6 20. Rd3 Rad8
21. Qd2 Rfe8 22. Re1 Qg6 23. Rde3 Bd7 24. a3 Rxe3 25. Rxe3 Re8 26. Bd3 Qf6 27.
Rxe8+ Bxe8 28. Qe3 Kf8 29. Kg2 Bd7 30. Be2 Bxd4 31. cxd4 Qe6 32. Qxe6 1/2-1/2

[Event "4NCL/Div2/KHE vs. PYO"]
[Site "West Bromwich ENG"]
[Date "2005.05.01"]
[Round "10.4"]
[White "Dorrington, Christopher"]
[Black "Sandu, Mihaela"]
[Result "1-0"]
[WhiteElo "2194"]
[BlackElo "2148"]
[PlyCount "79"]
[EventDate "2005.05.01"]
[SourceDate "2004.09.21"]

1. e4 c5 2. Nc3 d6 3. f4 Nc6 4. Nf3 g6 5. Bc4 Bg7 6. O-O Nd4 7. d3 Bg4 8. Bxf7+
Kf8 9. Bb3 e6 10. Be3 Bxf3 11. gxf3 Qh4 12. Qd2 Ne7 13. Ne2 Qh3 14. Bxd4 cxd4
15. Qb4 a5 16. Qxb7 Kf7 17. f5 Bh6 18. fxe6+ Kf6 19. f4 Qg4+ 20. Ng3 Rhe8 21.
Qb6 Kg7 22. Qxd4+ Kg8 23. Qe3 Rf8 24. Qe2 Qh4 25. f5 Kh8 26. Kg2 Bg7 27. c3 a4
28. Bd1 a3 29. d4 axb2 30. Qxb2 Rab8 31. Qe2 gxf5 32. Nxf5 Nxf5 33. exf5 Qg5+
34. Kh1 Rxf5 35. Bc2 Rfb5 36. e7 Re8 37. Ba4 Qd5+ 38. Qf3 Rxe7 39. Bxb5 Qxb5
40. Rae1 1-0

[Event "4NCL/Div2/KHE vs. PYO"]
[Site "West Bromwich ENG"]
[Date "2005.05.01"]
[Round "10.5"]
[White "O'Shaughnessy, Conor"]
[Black "Player, Edmund C"]
[Result "1/2-1/2"]
[WhiteElo "2189"]
[BlackElo "2143"]
[PlyCount "83"]
[EventDate "2005.05.01"]
[SourceDate "2004.09.21"]

1. Nf3 d5 2. b3 Nf6 3. Bb2 e6 4. e3 Be7 5. c4 O-O 6. Be2 c5 7. O-O Nc6 8. cxd5
exd5 9. d4 Bg4 10. dxc5 Bxc5 11. Nc3 Rc8 12. h3 Bh5 13. a3 a6 14. b4 Be7 15.
Qb3 Qd6 16. Rfd1 Rfd8 17. b5 Na5 18. Qa4 Nc4 19. Bxc4 Rxc4 20. Qxc4 Bxf3 21.
Qd4 Bxd1 22. Rxd1 axb5 23. Nxb5 Qc6 24. a4 Qc4 25. Rc1 Qxd4 26. Bxd4 Ne8 27.
Bb6 Ra8 28. a5 f6 29. Rd1 Bb4 30. Rd4 Bxa5 31. Ra4 Ra6 32. Rxa5 Rxb6 33. Nc3
Nc7 34. Nxd5 Nxd5 35. Rxd5 Rb1+ 36. Kh2 Kf7 37. Rd7+ Kg6 38. g4 b5 39. Kg3 b4
40. Kf4 Rh1 41. Rb7 Rxh3 42. Rxb4 1/2-1/2

[Event "4NCL/Div2/KHE vs. PYO"]
[Site "West Bromwich ENG"]
[Date "2005.05.01"]
[Round "10.6"]
[White "Bennet, William D"]
[Black "Guthrie, David"]
[Result "1-0"]
[WhiteElo "2116"]
[BlackElo "2170"]
[PlyCount "29"]
[EventDate "2005.05.01"]
[SourceDate "2004.09.21"]

1. d4 Nf6 2. c4 e6 3. Nc3 Bb4 4. e3 b6 5. Bd3 Bb7 6. Nf3 Ne4 7. Bxe4 Bxc3+ 8.
Bd2 Bxd2+ 9. Nxd2 Bxe4 10. Nxe4 O-O 11. d5 d6 12. dxe6 fxe6 13. Qg4 Qe7 14. Ng5
Rf6 15. Qe4 1-0

[Event "4NCL/Div2/KHE vs. PYO"]
[Site "West Bromwich ENG"]
[Date "2005.05.01"]
[Round "10.7"]
[White "Wittmann, Jochen"]
[Black "Eckersley-Waites, Tom"]
[Result "1-0"]
[WhiteElo "2150"]
[BlackElo "2115"]
[PlyCount "54"]
[EventDate "2005.05.01"]
[SourceDate "2004.09.21"]

1. e4 c5 2. Nc3 Nc6 3. g3 g6 4. Bg2 Bg7 5. d3 d6 6. Be3 Rb8 7. Qd2 b5 8. Nge2
b4 9. Nd1 e5 10. O-O h5 11. h3 Bd7 12. a3 a5 13. axb4 axb4 14. c3 Qc7 15. f4
Nge7 16. fxe5 Nxe5 17. Bg5 Be6 18. Ne3 O-O 19. Nf4 bxc3 20. bxc3 Rb3 21. d4
cxd4 22. cxd4 N5c6 23. d5 Bxa1 24. Rxa1 Bc8 25. dxc6 f6 26. Nfd5 Nxd5 27. Nxd5
Qb8 1-0

[Event "4NCL/Div2/KHE vs. PYO"]
[Site "West Bromwich ENG"]
[Date "2005.05.01"]
[Round "10.8"]
[White "Thilaganathan, Jessica"]
[Black "Okike, David C"]
[Result "0-1"]
[WhiteElo "1745"]
[BlackElo "2158"]
[PlyCount "72"]
[EventDate "2005.05.01"]
[SourceDate "2004.09.21"]

1. d4 Nf6 2. Nf3 g6 3. e3 Bg7 4. b3 d5 5. Bb2 O-O 6. Nbd2 a5 7. Bd3 a4 8. c4
Bd7 9. O-O Na6 10. Bc3 b6 11. Ne5 Be8 12. Rc1 c5 13. Bb1 Qb8 14. Nd3 Ne4 15.
Nxe4 dxe4 16. Nf4 cxd4 17. Bd2 e5 18. Nd5 f5 19. exd4 exd4 20. b4 Be5 21. h3
Nc7 22. Nxc7 Qxc7 23. a3 Bf7 24. c5 b5 25. Re1 Rfe8 26. Kh1 Qc6 27. Qe2 Kg7 28.
Kg1 Ra7 29. g4 Kh8 30. Qf1 Bd5 31. Bc2 Rf7 32. g5 f4 33. Red1 e3 34. Be1 f3 35.
fxe3 dxe3 36. Qd3 f2+ 0-1

[Event "4NCL/Div2/WRO vs. HKF1"]
[Site "West Bromwich ENG"]
[Date "2005.05.01"]
[Round "10.1"]
[White "Yepes, Eduardo"]
[Black "Arkell, Keith C"]
[Result "0-1"]
[WhiteElo "2283"]
[BlackElo "2492"]
[PlyCount "116"]
[EventDate "2005.05.01"]
[SourceDate "2004.09.21"]

1. d4 Nf6 2. c4 e6 3. Nc3 Bb4 4. Qc2 c5 5. dxc5 Na6 6. a3 Qa5 7. Bd2 Nxc5 8.
Rd1 Bxc3 9. Bxc3 Qa4 10. Qxa4 Nxa4 11. Be5 Ke7 12. Bd6+ Kd8 13. Be5 Ne8 14. b3
Nc5 15. b4 Ne4 16. f3 N4f6 17. e4 Ke7 18. c5 b6 19. Nh3 Bb7 20. Nf2 bxc5 21.
bxc5 h5 22. Rb1 Bc6 23. Rb8 h4 24. Rxa8 Bxa8 25. Bb8 a5 26. g4 Nh7 27. Be2 Ng5
28. Kd2 f6 29. Rb1 e5 30. Rb5 a4 31. Ra5 Bc6 32. Bd1 Ne6 33. Nd3 Nd4 34. Nb2
Kd8 35. Nxa4 Kc8 36. Ba7 Nc7 37. Nc3 g6 38. Bb6 f5 39. Bxc7 Kxc7 40. Nd5+ Kb7
41. Ke3 fxg4 42. fxg4 Rf8 43. Nb6 Rf1 44. Ba4 Rf3+ 45. Kd2 Rf2+ 46. Kd3 Rxh2
47. Nxd7 Rh3+ 48. Kc4 Bxa4 49. Rxa4 Nc6 50. Nxe5 Nxe5+ 51. Kd5 Nc6 52. Rc4 Rd3+
53. Ke6 Rd4 54. Rc3 Rxe4+ 55. Kd6 Rd4+ 56. Ke6 Rxg4 57. Kf6 Rg3 58. Rc1 h3 0-1

[Event "4NCL/Div2/WRO vs. HKF1"]
[Site "West Bromwich ENG"]
[Date "2005.05.01"]
[Round "10.2"]
[White "Wells, Peter K"]
[Black "Gayson, Peter M"]
[Result "1-0"]
[WhiteElo "2525"]
[BlackElo "2234"]
[PlyCount "39"]
[EventDate "2005.05.01"]
[SourceDate "2004.09.21"]

1. d4 f5 2. Nc3 e6 3. e4 fxe4 4. Nxe4 Nf6 5. Nxf6+ Qxf6 6. Nf3 Bd6 7. Bg5 Qf7
8. Bd3 O-O 9. Qe2 Bf4 10. g3 Bd6 11. Be4 Nc6 12. O-O-O Be7 13. d5 Nb4 14. dxe6
dxe6 15. h4 h6 16. Ne5 Bxg5+ 17. hxg5 Qxf2 18. Qxf2 Rxf2 19. Rd8+ Rf8 20. Bh7+
1-0

[Event "4NCL/Div2/WRO vs. HKF1"]
[Site "West Bromwich ENG"]
[Date "2005.05.01"]
[Round "10.3"]
[White "Burnett, Jim"]
[Black "Kiriakov, Petr"]
[Result "0-1"]
[WhiteElo "2194"]
[BlackElo "2565"]
[PlyCount "48"]
[EventDate "2005.05.01"]
[SourceDate "2004.09.21"]

1. d4 e6 2. Nf3 c5 3. g3 Nc6 4. Bg2 d5 5. O-O Nf6 6. c4 Be7 7. cxd5 exd5 8. Nc3
O-O 9. Bg5 c4 10. Ne5 Be6 11. e4 Nxe4 12. Nxc6 bxc6 13. Bxe7 Nxc3 14. Bxd8 Nxd1
15. Be7 Nxb2 16. Bxf8 Kxf8 17. Rfc1 Rb8 18. Rc3 a5 19. Ra3 a4 20. f4 Ke7 21.
Kf2 Kd6 22. Ke3 c5 23. Bf3 Re8 24. dxc5+ Kxc5 0-1

[Event "4NCL/Div2/WRO vs. HKF1"]
[Site "West Bromwich ENG"]
[Date "2005.05.01"]
[Round "10.4"]
[White "Prie, Eric"]
[Black "Adams, David M"]
[Result "1-0"]
[WhiteElo "2447"]
[BlackElo "2207"]
[PlyCount "45"]
[EventDate "2005.05.01"]
[SourceDate "2004.09.21"]

1. d4 d5 2. a3 e6 3. Nf3 Nf6 4. Bg5 Be7 5. e3 h6 6. Bf4 O-O 7. Nbd2 b6 8. Ne5
Bb7 9. Qf3 c5 10. c3 a5 11. h4 Nfd7 12. Bd3 Nc6 13. Rh3 Ndxe5 14. dxe5 Qc7 15.
Qh5 Ba6 16. Bc2 Rfd8 17. Rg3 Bf8 18. Bxh6 Qxe5 19. Bg5 f5 20. Nf3 Qd6 21. Bxd8
Nxd8 22. Ng5 Be7 23. Qh7+ 1-0

[Event "4NCL/Div2/WRO vs. HKF1"]
[Site "West Bromwich ENG"]
[Date "2005.05.01"]
[Round "10.5"]
[White "Corke, Anya"]
[Black "Berzinsh, Roland"]
[Result "1-0"]
[WhiteElo "2138"]
[BlackElo "2457"]
[PlyCount "71"]
[EventDate "2005.05.01"]
[SourceDate "2004.09.21"]

1. d4 Nf6 2. Bg5 Ne4 3. Bf4 c5 4. f3 Qa5+ 5. c3 Nf6 6. d5 g6 7. e4 Bg7 8. Nd2
O-O 9. Nc4 Qd8 10. a4 d6 11. g4 Na6 12. Ne2 Nc7 13. Qd2 Bd7 14. Ng3 Bxa4 15. h4
Be8 16. h5 b5 17. Bh6 bxc4 18. Nf5 Bh8 19. Bxf8 Kxf8 20. Qh6+ Kg8 21. e5 dxe5
22. Bxc4 Bb5 23. d6 Bxc4 24. Nxe7+ Qxe7 25. dxe7 Bg7 26. Qd2 Nfd5 27. Ra4 Bb3
28. Ra3 Bc4 29. b3 Bb5 30. c4 Nxe7 31. Qd6 e4 32. Qxc7 Bc3+ 33. Kf2 Bd4+ 34.
Kg3 Nc6 35. f4 g5 36. cxb5 1-0

[Event "4NCL/Div2/WRO vs. HKF1"]
[Site "West Bromwich ENG"]
[Date "2005.05.01"]
[Round "10.6"]
[White "Houska, Jovanka"]
[Black "Cumbers, Paul"]
[Result "1/2-1/2"]
[WhiteElo "2334"]
[BlackElo "2118"]
[PlyCount "89"]
[EventDate "2005.05.01"]
[SourceDate "2004.09.21"]

1. e4 e6 2. d4 d5 3. Nc3 Bb4 4. e5 c5 5. Bd2 Nh6 6. Bxh6 gxh6 7. a3 Ba5 8. Bb5+
Bd7 9. Bxd7+ Nxd7 10. dxc5 Bxc3+ 11. bxc3 Qc7 12. f4 Rg8 13. g3 Nxc5 14. Ne2
Ne4 15. Qd4 b6 16. a4 Rc8 17. a5 bxa5 18. Qa4+ Kf8 19. Qxa5 Nxc3 20. Qxc7 Rxc7
21. Nxc3 Rxc3 22. Rxa7 Rxc2 23. O-O Kg7 24. f5 Re8 25. g4 Kg8 26. Rd7 Rb8 27.
Rf2 Rxf2 28. Kxf2 h5 29. gxh5 exf5 30. Kg3 Rb6 31. Kf4 f6 32. Rxd5 fxe5+ 33.
Rxe5 Rf6 34. h4 Kg7 35. Kg5 Rf7 36. Re8 Rf8 37. h6+ Kg8 38. Re3 f4 39. Rf3 Kh8
40. h5 Rg8+ 41. Kf6 Rf8+ 42. Ke7 Rf7+ 43. Ke6 Rf8 44. Ke7 Rf7+ 45. Kxf7 1/2-1/2

[Event "4NCL/Div2/WRO vs. HKF1"]
[Site "West Bromwich ENG"]
[Date "2005.05.01"]
[Round "10.7"]
[White "Barrett, Steve J"]
[Black "Greet, Andrew N"]
[Result "0-1"]
[WhiteElo "2181"]
[BlackElo "2403"]
[PlyCount "74"]
[EventDate "2005.05.01"]
[SourceDate "2004.09.21"]

1. d4 Nf6 2. c4 e6 3. Nc3 Bb4 4. e3 O-O 5. Bd3 d5 6. Nge2 c5 7. O-O cxd4 8.
exd4 dxc4 9. Bxc4 Nbd7 10. a3 Be7 11. Bg5 Nb6 12. Ba2 Bd7 13. Qd3 Bc6 14. Rad1
Qd7 15. Rfe1 Nbd5 16. Bb1 g6 17. Qh3 Rfd8 18. Rd3 Nxc3 19. Nxc3 Nh5 20. Qh4
Bxg5 21. Qxg5 Qc7 22. g3 Bd5 23. Ne2 Ng7 24. g4 Ne8 25. Rh3 f6 26. Qh4 Qg7 27.
Nf4 Nc7 28. g5 Rf8 29. Nxd5 Nxd5 30. Ba2 fxg5 31. Qxg5 Rf5 32. Qd2 Qf6 33. Bxd5
exd5 34. Qh6 Qf7 35. Rhe3 Rxf2 36. Re7 Rf1+ 37. Rxf1 Qxe7 {time} 0-1

[Event "4NCL/Div2/WRO vs. HKF1"]
[Site "West Bromwich ENG"]
[Date "2005.05.01"]
[Round "10.8"]
[White "Crouch, Colin"]
[Black "Shaw, Peter"]
[Result "1-0"]
[WhiteElo "2371"]
[BlackElo "2125"]
[PlyCount "57"]
[EventDate "2005.05.01"]
[SourceDate "2004.09.21"]

1. d4 e6 2. c4 b6 3. e4 Bb7 4. Bd3 Nc6 5. Nf3 Nb4 6. O-O g6 7. Nc3 Nxd3 8. Qxd3
Bg7 9. Bg5 Ne7 10. d5 h6 11. Be3 O-O 12. Rfd1 g5 13. Bd4 Ng6 14. Bxg7 Kxg7 15.
Qd4+ f6 16. Rd2 e5 17. Qe3 d6 18. Ne1 f5 19. exf5 Rxf5 20. Ne4 Qe7 21. Nd3 Raf8
22. b4 Nh4 23. Ne1 Qf7 24. Rc1 Rf4 25. Nd3 Rg4 26. Ng3 Nf5 27. Qe1 Nxg3 28.
fxg3 Rd4 29. Nxe5 1-0

[Event "4NCL/Div2/BAR2 vs. WGR3"]
[Site "West Bromwich ENG"]
[Date "2005.05.01"]
[Round "10.1"]
[White "Devereaux, Maxim"]
[Black "Rechel, Bernd"]
[Result "0-1"]
[WhiteElo "2331"]
[BlackElo "2408"]
[PlyCount "126"]
[EventDate "2005.05.01"]
[SourceDate "2004.09.21"]

1. d4 Nf6 2. c4 g6 3. Nc3 Bg7 4. e4 d6 5. Be2 O-O 6. Nf3 e5 7. O-O Nc6 8. d5
Ne7 9. Ne1 Nd7 10. Be3 f5 11. f3 f4 12. Bf2 g5 13. Rc1 Rf6 14. c5 a6 15. Nd3
Rh6 16. Qb3 Kh8 17. Na4 b5 18. cxd6 cxd6 19. Nc3 Qe8 20. Kh1 Qh5 21. Bg1 Nf6
22. Nf2 Qe8 23. Bd1 Nh5 24. Ne2 Ng3+ 25. Nxg3 fxg3 26. Ng4 Rh4 27. Qb4 Qh5 28.
Rxc8+ Nxc8 29. Qe1 Qf7 30. Qxg3 Ne7 31. Be3 Qg6 32. Qe1 Rh5 33. Qa5 Ng8 34. Qc7
Nf6 35. Qxd6 Nxg4 36. Qxg6 Rxh2+ 37. Kg1 Rxg2+ 38. Kh1 hxg6 39. fxg4 Rxb2 40.
Bb3 Rf8 41. Rc1 Rf3 42. Bxg5 Bf8 43. Kg1 Rg3+ 44. Kf1 Rf3+ 45. Kg1 Rg3+ 46. Kf1
Rxg4 47. Bf6+ Bg7 48. Be7 Rf4+ 49. Kg1 Rxe4 50. d6 Rd2 51. Be6 Kh7 52. d7 Red4
53. Rc7 Kh6 54. Kf1 e4 55. d8=Q Rxd8 56. Bxd8 Rxd8 57. Rc6 Kg5 58. Bf7 Kf4 59.
Bxg6 e3 60. Bh5 Rd2 61. Rxa6 Rf2+ 62. Kg1 Bd4 63. Ra3 e2 0-1

[Event "4NCL/Div2/BAR2 vs. WGR3"]
[Site "West Bromwich ENG"]
[Date "2005.05.01"]
[Round "10.2"]
[White "Bellon Lopez, Juan M"]
[Black "Berry, Neil"]
[Result "1/2-1/2"]
[WhiteElo "2408"]
[BlackElo "2257"]
[PlyCount "114"]
[EventDate "2005.05.01"]
[SourceDate "2004.09.21"]

1. d4 d5 2. c4 c6 3. Nf3 Nf6 4. Nc3 dxc4 5. a4 Bf5 6. Nh4 e6 7. Nxf5 exf5 8. e3
Bb4 9. Bxc4 O-O 10. O-O Nbd7 11. Qb3 Qb6 12. Rd1 a5 13. Bd2 Bd6 14. Rac1 Qxb3
15. Bxb3 Nb6 16. Be1 Rfc8 17. f3 Re8 18. Bf2 Nbd5 19. Nxd5 Nxd5 20. Bxd5 cxd5
21. Rc3 Rac8 22. Rdc1 Rxc3 23. Rxc3 Kf8 24. Kf1 Bb4 25. Rc2 Re6 26. Ke2 g5 27.
h3 h5 28. Kd3 f6 29. Bg3 Rc6 30. Rxc6 bxc6 31. Bc7 Ke7 32. Bb6 Kd6 33. Ke2 h4
34. Kd3 Be1 35. Bc5+ Kd7 36. Ke2 Bg3 37. f4 gxf4 38. Bb6 fxe3 39. Bxa5 f4 40.
Bb4 Kc7 41. Be7 f5 42. b4 Kb7 43. Bd8 Ka6 44. Kf3 Kb7 45. Bf6 Ka6 46. Be5 Kb7
47. Bf6 Ka6 48. Ke2 Kb7 49. Bd8 Ka6 50. Bf6 Kb7 51. Kf3 Ka6 52. Ke2 Kb7 53. Bg5
Ka6 54. Kf3 Kb7 55. Bh6 Ka6 56. Ke2 Kb6 57. Kf3 Ka6 1/2-1/2

[Event "4NCL/Div2/BAR2 vs. WGR3"]
[Site "West Bromwich ENG"]
[Date "2005.05.01"]
[Round "10.3"]
[White "Cox, John J"]
[Black "Tan, Desmond"]
[Result "1/2-1/2"]
[WhiteElo "2322"]
[BlackElo "2332"]
[PlyCount "47"]
[EventDate "2005.05.01"]
[SourceDate "2004.09.21"]

1. d4 Nf6 2. c4 e6 3. Nf3 b6 4. e3 Bb7 5. Bd3 Ne4 6. O-O Bd6 7. Bxe4 Bxe4 8.
Nc3 Bb7 9. e4 Bb4 10. Bd2 O-O 11. Re1 d6 12. Rc1 Nd7 13. a3 Bxc3 14. Rxc3 e5
15. Qc2 Qf6 16. d5 Qe7 17. b4 a5 18. Be3 axb4 19. axb4 Rfc8 20. c5 bxc5 21.
bxc5 c6 22. Rc1 dxc5 23. Bxc5 Qe8 24. dxc6 1/2-1/2

[Event "4NCL/Div2/BAR2 vs. WGR3"]
[Site "West Bromwich ENG"]
[Date "2005.05.01"]
[Round "10.4"]
[White "Grant, Jonathan"]
[Black "Pritchett, Craig W"]
[Result "0-1"]
[WhiteElo "2259"]
[BlackElo "2258"]
[PlyCount "72"]
[EventDate "2005.05.01"]
[SourceDate "2004.09.21"]

1. c4 e5 2. Nc3 Nf6 3. Nf3 Nc6 4. g3 Bc5 5. Bg2 O-O 6. O-O d6 7. d3 h6 8. a3 a5
9. b3 Be6 10. e3 Ba7 11. Bb2 Re8 12. Rc1 Qd7 13. Re1 Rad8 14. Nb5 Bb8 15. e4
Bg4 16. Qd2 b6 17. d4 exd4 18. Nfxd4 Ne5 19. f3 Bh3 20. Rcd1 c6 21. Nc3 Bxg2
22. Qxg2 b5 23. cxb5 Ba7 24. Kh1 Bxd4 25. Rxd4 cxb5 26. Red1 b4 27. Nd5 Nxd5
28. Rxd5 Nc6 29. a4 Qe6 30. Qc2 Ne7 31. Rxa5 d5 32. e5 d4 33. Qd3 Nc6 34. Ra6
Qd5 35. e6 Rxe6 36. Rb6 Ne5 0-1

[Event "4NCL/Div2/BAR2 vs. WGR3"]
[Site "West Bromwich ENG"]
[Date "2005.05.01"]
[Round "10.5"]
[White "Hodgson, John H"]
[Black "Woodward, Timothy"]
[Result "1/2-1/2"]
[WhiteElo "2225"]
[BlackElo "2333"]
[PlyCount "41"]
[EventDate "2005.05.01"]
[SourceDate "2004.09.21"]

1. e4 c5 2. Nf3 d6 3. d4 cxd4 4. Nxd4 Nf6 5. Nc3 g6 6. Be3 Bg7 7. f3 O-O 8. Qd2
Nc6 9. Bc4 Bd7 10. O-O-O Rb8 11. Bb3 Na5 12. Bh6 Bxh6 13. Qxh6 b5 14. g4 b4 15.
Nd5 Nxb3+ 16. Nxb3 Nxd5 17. exd5 e5 18. dxe6 Bxe6 19. Nc5 Qe7 20. Ne4 d5 21.
Ng5 1/2-1/2

[Event "4NCL/Div2/BAR2 vs. WGR3"]
[Site "West Bromwich ENG"]
[Date "2005.05.01"]
[Round "10.6"]
[White "Gilbert, Jessie"]
[Black "Lewis, Andrew P"]
[Result "1/2-1/2"]
[WhiteElo "2148"]
[BlackElo "2254"]
[PlyCount "52"]
[EventDate "2005.05.01"]
[SourceDate "2004.09.21"]

1. d4 Nf6 2. c4 g6 3. Nc3 Bg7 4. e4 d6 5. f3 O-O 6. Bg5 c5 7. d5 e6 8. Qd2 h6
9. Bxh6 Nxe4 10. Nxe4 Qh4+ 11. g3 Qxh6 12. Qxh6 Bxh6 13. Nxd6 Na6 14. a3 Rd8
15. Nxc8 Raxc8 16. dxe6 Re8 17. Kf2 Rxe6 18. Bh3 f5 19. f4 Bg7 20. Nf3 Rce8 21.
Rhe1 Bxb2 22. Rxe6 Rxe6 23. Rb1 Rb6 24. Ke2 Nc7 25. Bg2 Ne6 26. Kd3 Kg7 1/2-1/2

[Event "4NCL/Div2/BAR2 vs. WGR3"]
[Site "West Bromwich ENG"]
[Date "2005.05.01"]
[Round "10.7"]
[White "Coleman, David"]
[Black "Cutmore, David A"]
[Result "1/2-1/2"]
[WhiteElo "2256"]
[BlackElo "2092"]
[PlyCount "182"]
[EventDate "2005.05.01"]
[SourceDate "2004.09.21"]

1. e4 Nf6 2. e5 Nd5 3. c4 Nb6 4. d4 d6 5. exd6 cxd6 6. Nc3 g6 7. Be3 Bg7 8. Rc1
O-O 9. b3 N6d7 10. d5 Nf6 11. Be2 Qa5 12. Bd2 Na6 13. Nf3 Qd8 14. O-O Bf5 15.
Nd4 Ne4 16. Be1 Qb6 17. Nxf5 gxf5 18. Bd3 Nac5 19. Bb1 Rae8 20. Qf3 e6 21. b4
Ng5 22. Qg3 Nce4 23. Nxe4 Nxe4 24. Bxe4 fxe4 25. c5 Qd8 26. Bc3 e5 27. Bd2 Kh8
28. c6 b5 29. Qe3 Qc7 30. Qxe4 f5 31. Qe2 a6 32. a4 Rb8 33. a5 Rf6 34. Be3 Qf7
35. Rfd1 f4 36. c7 Rc8 37. Bb6 f3 38. Qe4 Rf4 39. Qe1 fxg2 40. Rd3 Rh4 41. Rg3
Bh6 42. Be3 Re4 43. Qd2 Bxe3 44. fxe3 Rxc7 45. Rxg2 Rxc1+ 46. Qxc1 Rc4 47. Qd2
Qc7 48. h3 Qf7 49. Kh2 Qf5 50. Rf2 Qc8 51. Qe2 Qg8 52. Qf3 Qg7 53. Qf5 Rc7 54.
Qe6 Qe7 55. Qh6 Rc8 56. Rf6 Rc2+ 57. Kh1 Rc1+ 58. Kh2 Rc2+ 59. Kg3 Rc8 60. Kh2
Rc2+ 61. Kg3 Rc8 62. Re6 Rg8+ 63. Kh2 Qf7 64. Qf6+ Qxf6 65. Rxf6 Rg6 66. Rf1
Kg7 67. Rc1 Kf6 68. Rc6 Kf5 69. Rxa6 Ke4 70. Ra8 Kxd5 71. a6 Kc6 72. a7 Kb7 73.
Rh8 Kxa7 74. Rxh7+ Kb6 75. h4 Kc6 76. Kh3 Kd5 77. h5 Rg8 78. Rh6 e4 79. Rg6 Rh8
80. Kg4 Kc4 81. Rxd6 Kxb4 82. Rd4+ Kc3 83. Rxe4 b4 84. Re7 b3 85. Rb7 Kc2 86.
Kg5 Re8 87. h6 Rxe3 88. h7 Rh3 89. Kg6 b2 90. Rxb2+ Kxb2 91. Kg7 Rxh7+ 1/2-1/2

[Event "4NCL/Div2/BAR2 vs. WGR3"]
[Site "West Bromwich ENG"]
[Date "2005.05.01"]
[Round "10.8"]
[White "Kikoyo, Ali"]
[Black "Smith, Lucy"]
[Result "1-0"]
[WhiteElo "2035"]
[BlackElo "1905"]
[PlyCount "71"]
[EventDate "2005.05.01"]
[SourceDate "2004.09.21"]

1. e4 c5 2. Nf3 d6 3. d4 cxd4 4. Nxd4 a6 5. Nc3 Nf6 6. Be2 e6 7. Be3 Be7 8. O-O
O-O 9. f4 Qc7 10. a4 Nc6 11. Nb3 Na5 12. Nxa5 Qxa5 13. Bf3 Qc7 14. Qe2 Bd7 15.
Kh1 Bc6 16. f5 Rad8 17. a5 Qc8 18. Bb6 Rde8 19. e5 dxe5 20. Bxc6 Qxc6 21. Ra4
Rc8 22. Qxe5 Nd7 23. Qe3 Nxb6 24. axb6 Bf6 25. Ra3 Bxc3 26. Rxc3 Qb5 27. Rb1
Qxf5 28. h3 Rfd8 29. Rc7 Qd5 30. c4 Qd6 31. Rxb7 Rxc4 32. Rf1 f5 33. Qe2 Qd5
34. Re7 Rc6 35. Qh5 Rdc8 36. Qf7+ 1-0

[Event "4NCL/Div2/NWE2 vs. SWD1"]
[Site "West Bromwich ENG"]
[Date "2005.05.01"]
[Round "10.1"]
[White "Charleshouse, Glenn L"]
[Black "Cooper, John G"]
[Result "1-0"]
[WhiteElo "2212"]
[BlackElo "2346"]
[PlyCount "115"]
[EventDate "2005.05.01"]
[SourceDate "2004.09.21"]

1. e4 e5 2. Nf3 Nc6 3. Bb5 a6 4. Bxc6 dxc6 5. O-O Qd6 6. d3 Ne7 7. Be3 Ng6 8.
Nbd2 Be7 9. a4 a5 10. Nc4 Qe6 11. Ng5 Qg4 12. Qxg4 Bxg4 13. h3 Bd7 14. Nf3 f6
15. Bd2 b6 16. Ne3 Kf7 17. Nf5 Rhd8 18. Nxe7 Kxe7 19. Be3 c5 20. Nd2 Be6 21. b3
Rd7 22. Kh2 Bf7 23. g3 Nf8 24. f4 exf4 25. gxf4 Ne6 26. Rf2 Nd4 27. Bxd4 cxd4
28. Rg1 g6 29. h4 Rf8 30. Kg3 Be6 31. Kf3 f5 32. e5 Bd5+ 33. Ke2 Ke6 34. Rg3
Rg7 35. Rf1 Rfg8 36. Rfg1 h6 37. Nf3 c5 38. Kf2 Kf7 39. Nd2 Ke6 40. Nc4 Bxc4
41. bxc4 h5 42. Rb1 Rb7 43. Ke2 Kf7 44. Rb5 Ke6 45. Kd2 Kd7 46. c3 dxc3+ 47.
Kxc3 Kc6 48. d4 cxd4+ 49. Kxd4 Re7 50. Rd5 Re6 51. Rb3 Rb8 52. Rbb5 Kc7 53. c5
Rc6 54. cxb6+ Rbxb6 55. Rxb6 Rxb6 56. Rc5+ Kd7 57. Rb5 Ra6 58. Kd5 {time} 1-0

[Event "4NCL/Div2/NWE2 vs. SWD1"]
[Site "West Bromwich ENG"]
[Date "2005.05.01"]
[Round "10.2"]
[White "Jones, Richard S"]
[Black "Hague, Ben"]
[Result "1/2-1/2"]
[WhiteElo "2320"]
[BlackElo "2264"]
[PlyCount "130"]
[EventDate "2005.05.01"]
[SourceDate "2004.09.21"]

1. e4 g6 2. Nc3 Bg7 3. d4 d6 4. Be3 a6 5. Qd2 b5 6. h4 h6 7. f4 Nf6 8. e5 Ng4
9. h5 dxe5 10. fxe5 c5 11. hxg6 Nxe3 12. gxf7+ Kf8 13. Qxe3 cxd4 14. O-O-O dxe3
15. Rxd8+ Kxf7 16. Rxh8 Bxh8 17. Nd5 Ra7 18. Rxh6 Bxe5 19. Nf3 Bg7 20. Rh4 Nc6
21. Nxe3 Ne5 22. Nxe5+ Bxe5 23. Bd3 Be6 24. a4 Bf6 25. Rb4 bxa4 26. Rxa4 a5 27.
Bc4 Bg5 28. Bxe6+ Kxe6 29. Kb1 Bxe3 30. Re4+ Kf5 31. Rxe3 e5 32. g3 e4 33. Ra3
Kg4 34. Kc1 Rd7 35. c4 Kh3 36. c5 Kg2 37. c6 Rc7 38. Rc3 e3 39. Rxe3 Rxc6+ 40.
Kb1 Kh3 41. Ka2 Rc5 42. Ka3 Kg4 43. Ka4 Rd5 44. Rb3 Re5 45. Rb5 Re2 46. Kxa5
Kxg3 47. b3 Kf4 48. Rd5 Ke4 49. Rd8 Ra2+ 50. Kb5 Ke5 51. b4 Ke6 52. Kb6 Ke7 53.
Rd1 Rb2 54. b5 Rb3 55. Kc6 Rc3+ 56. Kb7 Rb3 57. b6 Rb2 58. Kc7 Rc2+ 59. Kb8 Rb2
60. b7 Rb3 61. Rd4 Rb1 62. Kc7 Rc1+ 63. Kb6 Rb1+ 64. Kc6 Ke6 65. Rd5 Rxb7
1/2-1/2